Debate agrario / (Registro nro. 7934)

Detalles MARC
000 -LEADER
fixed length control field 01326nam a2200229Ia 4500
003 - CONTROL NUMBER IDENTIFIER
control field OSt
005 - DATE AND TIME OF LATEST TRANSACTION
control field 20210603151117.0
008 - FIXED-LENGTH DATA ELEMENTS--GENERAL INFORMATION
fixed length control field 210310q1971 ck aod gr 000 0 spa d
040 ## - CATALOGING SOURCE
Original cataloging agency CO-JMCR
Transcribing agency CO-JMCR
041 0# - LANGUAGE CODE
Language code of text/sound track or separate title spa
082 04 - DEWEY DECIMAL CLASSIFICATION NUMBER
Classification number 333.31 /
Item number D419d
Edition number 23
110 1# - MAIN ENTRY--CORPORATE NAME
Corporate name or jurisdiction name as entry element Colombia.
Subordinate unit Departamento Administrativo Nacional de Estadística
9 (RLIN) 38112
245 10 - TITLE STATEMENT
Title Debate agrario /
Statement of responsibility, etc. Departamento Administrativo Nacional de Estadísticas
260 ## - PUBLICATION, DISTRIBUTION, ETC.
Place of publication, distribution, etc. Bogotá :
Name of publisher, distributor, etc. DANE,
Date of publication, distribution, etc. 1971 impresión
300 ## - PHYSICAL DESCRIPTION
Extent xvi, 227 páginas :
Other physical details ilustraciones, fotografías y gráficas a blanco y negro ;
Dimensions 26 cm.
500 ## - GENERAL NOTE
General note Incluye notas a pie de página.
504 ## - BIBLIOGRAPHY, ETC. NOTE
Bibliography, etc. note Bibliografía: páginas 225-227
505 0# - FORMATTED CONTENTS NOTE
Formatted contents note Informe del Comité Evaluador de la Reforma Agraria -- La concentración parcelaria en Jamundí. Declaración de los gremios agrarios -- Los Gremios Agrícolas y las invasiones -- Asociación Departamental de Usuarios Campesinos de Cundinamarca. Boletín de prensa -- Memorando de la Asociación Nacional de Usuarios campesinos "ANUC" al Gobierno Nacional -- La Reforma Agraria -- Distribución de la tierra en Colombia -- Tendencia de los principales efectos de una Reforma Agraria en Colombia -- Ingresos campesinos
650 14 - SUBJECT ADDED ENTRY--TOPICAL TERM
Topical term or geographic name entry element Debate agrario
9 (RLIN) 15862
Geographic subdivision Colombia
650 24 - SUBJECT ADDED ENTRY--TOPICAL TERM
Topical term or geographic name entry element Reforma agraria
Geographic subdivision Colombia
9 (RLIN) 13644
942 ## - ADDED ENTRY ELEMENTS (KOHA)
Source of classification or shelving scheme Dewey Decimal Classification
Koha item type Books
Existencias
Withdrawn status Lost status Source of classification or shelving scheme Damaged status Not for loan Collection code Home library Current library Date acquired Source of acquisition Full call number Barcode Date last seen Copy number Koha item type
    Dewey Decimal Classification     Non-fiction Biblioteca Pública José María del Castillo y Rada Biblioteca Pública José María del Castillo y Rada 04/15/2018 Donación 333.31 / D419d 430003377 05/16/2024 Ej.1 Books